27. olağan genel kurul çalışma raporu (Record no. 3299)

MARC details
000 -BAŞLIK
Sabit Uzunlukta Kontrol Alanı 00652na a2200229 4500
001 - KONTROL NUMARASI
Denetim Alanı 17164
003 - KONTROL NUMARASI IDENTIFIER
Denetim Alanı MIRAKIL
005 - SON İŞLEM TARİHİ VE ZAMANI
Denetim Alanı 20181213154927.0
008 - SABİT-BOY VERİ ELEMANLARI - GENEL BİLGİLER
Sabit Uzunlukta Kontrol Alanı 161023b tu 000 0
035 ## - SİSTEM KONTROL NUMARASI
Sistem Kontrol Numarası 17164
040 ## - KATALOGLAMA KAYNAK
Orijinal Kataloglama Ajansı Milas
Kataloglama Dili tur
Metne Dönüştürmek Ajansı TR-AnCHP
041 ## - DİL KODU
Metin / Ses Parça Veya Ayrı Başlığın Dil Kodu tur
082 ## - DEWEY ONLU SINIFLANDIRMA NUMARASI
Sınıflandırma Numarası 334.4
Ürün Numarası E33y 2010
090 ## - SINIFLAMA NUMARASI
Sınıflama Numarası 334.4 E33y 2010
110 ## - ANA GİRİŞ - KURUMSAL ADI
Giriş Elemanı Olarak Kurumsal Ad Veya Yargı Alanı Adı Ege-Koop
245 ## - BAŞLIK TABLOSU
Başlık 27. olağan genel kurul çalışma raporu
Başlığın Kalan "büyümeye devam"
Sorumluluk Tablosu, Vb Ege-Koop
260 ## - YAYIN, DAĞITIM, VB
Yayın, Dağıtım, Vb Yeri İzmir
Yayıncı, Dağıtıcı, Vs Adı [yay.y.]
Yayın, Dağıtım, Vb Tarihi 2010
Üretici Firma Gülermat Matbaacılık
300 ## - FİZİKSEL TANIM
Kapsam 342 s.
Diğer Fiziksel Ayrıntıları rnkl. fotg. ; tbl.
Boyutlar 23 sm.
610 ## - KONU KATMA GİRİŞ - TOPLANTI ADI
Giriş Elemanı Olarak Kurumsal Ad Veya Yargı Alanı Adı Ege-Koop
Genel Alt Bölüm Genel kurallar
650 ## - KONU KATMA GİRİŞ - TOPİKAL DÖNEM
Topikal Süreli Veya Coğrafi Ad Giriş Elemanı Kooperatifler
Genel Alt Bölümü Ege-Koop
942 ## - EKLENDİ GİRİŞ ELEMANLARI (KOHA)
Sınıflandırma Veya Raf Düzeni Kaynak Dewey Decimal Classification
Koha Öğesi Türü Books
999 ## - SİSTEM KONTROL NUMARALARI (KOHA)
Koha Biblionumber 3299
Koha Biblioitemnumber 3299
Holdings
Kalıcı Konum Mevcut Konum Edinme Tarihi Edinim Kaynak Toplam Check-Out'Lar Tam Çağrı Numarası Barkod Tarih Son Görülme İtibaren Geçerli Fiyatlar Koha Öğesi Türü
CHP Kütüphanesi CHP Kütüphanesi 10/23/2016 Bağış   334.4 E33y 2010 007565 10/23/2016 10/23/2016 Books